00424nam a2200097 a 450000500170000000800410001705000260005810000300008424501670011465000450028120140414093845.0091013s19uu xx 00 eng d aCDB 344.599bOy8 2008 aOyson, Manuel Jose R. III aManagers' executive handbook on labor law forms and contracts :bthe managers' parctical handbook to vital labor forms and contracts /cManuel Jose R. Oyson III. aLabor laws and legislationxPhilippines.